| 000 | 00606nam a2200217Ia 4500 | ||
|---|---|---|---|
| 003 | OSt | ||
| 005 | 20230508063001.0 | ||
| 008 | 210423s1999 xx 000 0 und d | ||
| 040 | _cAL | ||
| 041 | _aeng | ||
| 082 |
_a361.3 _223 _bBARC |
||
| 100 |
_aBARSLEY (Allan Edward) _999694 |
||
| 245 | _aConflict resolution for the helping professions | ||
| 260 |
_aNew Delhi _bBrooks Cole _c1999 |
||
| 300 |
_axiv,317 _bPB |
||
| 365 |
_b792 _cINR |
||
| 650 |
_aSocial Problems & Services _999695 |
||
| 650 |
_aSocial Work _999696 |
||
| 906 | _aConflict ; helping ; professions ; resolution | ||
| 942 |
_2ddc _cBK |
||
| 999 |
_c171468 _d171468 |
||